Piłkarze Lecha Poznań 25/26 - Statystyki

Ogólne statystyki
  • Ten quiz został rozwiązany 478 razy
  • Średni wynik to 20 z 30
Statystyki odpowiedzi
Numer Zawodnik % Poprawnych
41 Mrozek
99%
9 Ishak
94%
77 Palma
88%
43 Kozubal
87%
16 Milić
86%
2 Pereira
86%
72 Skrzypczak
80%
15 Gurgul
79%
27 Mońka
78%
8 Gholizadeh
77%
10 Wålemark
76%
99 Rodríguez
72%
6 Ouma
70%
3 Douglas
69%
7 Agnero
67%
20 Gumny
66%
24 Jagiełło
65%
22 Murawski
64%
56 Lisman
58%
11 Håkans
56%
4 Moutinho
54%
14 Bengtsson
49%
19 Fiabema
49%
88 Ismaheel
49%
33 Pruchniewski
48%
31 Bąkowski
47%
23 Thórdarson
47%
53 Dudek
42%
54 Jakóbczyk
37%
21 Barański
17%
Nie znaleziono quizów pasujących do podanych kryteriów
Rozkład punktacji
Procent ludzi z każdym wynikiem
Percentyl według liczby udzielonych odpowiedzi
Twoja historia wyników
Nie rozwiązałeś tego quizu